|
|
|
|
| LEADER |
00859nam a22001817a 4500 |
| 082 |
|
|
|a 920
|b BAL/S L7
|
| 100 |
|
|
|a ടി പി ബാലകൃഷ്ണന്നായര്
|9 210875
|
| 100 |
|
|
|a T P Balakrishnan Nair
|9 210876
|
| 240 |
|
|
|a Sree Sankaracharyar; Caritravum Thatwadarsanavum
|
| 245 |
|
|
|a ശ്രീ ശങ്കരാചാര്യര്
|b ചരിത്രവും തത്ത്വദ൪ശനവും
|
| 250 |
|
|
|a 1st
|
| 260 |
|
|
|a Kottayam;
|b Sahitya Pravarthaka Co-operative Society Ltd.;
|c 1977
|
| 300 |
|
|
|a 135p.
|
| 650 |
|
|
|a മലയാളം; ജീവചരിത്രം
|9 210877
|
| 650 |
|
|
|a Malayalam; Biography
|9 210878
|
| 942 |
|
|
|c BK
|
| 999 |
|
|
|c 44842
|d 44842
|
| 952 |
|
|
|0 0
|1 0
|4 0
|6 920_000000000000000_BAL_S_L7
|7 0
|8 BIO
|9 51982
|a MAL
|b MAL
|c STAFF
|d 2015-11-16
|e 34969
|g 14.00
|l 0
|o 920 BAL/S L7
|p MAL034969
|r 2015-11-16
|t 1
|w 2015-11-16
|y BK
|